000 00461nam a2200181Ia 4500
001 20530
005 20260306172812.0
008 260306t2007||||xx |||||||||||||| ||spa||
041 _aESP
082 _a343.4
_bC14
100 _aCáceres Arce, Jorge Luis
_eAUT
245 0 _aLa constitución de Cádiz y el constitucionalismo peruano
260 _c2007
300 _a175 páginas :
_c23 cm.
650 _aGEN
654 _aCDE
942 _cLIB
_dJUS
_fJUS
_2ddc
_n
999 _c20530
_d20530